000 00739nam a2200289Ia 4500
005 20260324112107.0
008 008 260324s9999 xx 000 0 eng d
020 _a9781003463931
037 _aEBOOK
040 _aCRL
040 _beng
040 _cCRL
041 _2eng
041 _aeng
084 _qCRL
100 _aBaba Inusa; Kanayo Nwankwo; Nkechikwu Azinge-Egbiri; Bukola Bolarinwa
_91141274
245 0 _aSickle Cell Disease in Sub-Saharan Africa
245 0 _bBiomedical Perspectives
260 _bTaylor and Francis
260 _c2024
365 _a
365 _b195
856 _uhttp://www.taylorfrancis.com/books/9781003463931
942 _cEBOOK
999 _c1730339
_d1730339